| 000 | 01130aam a2200289 a 4500 | ||
|---|---|---|---|
| 999 |
_c489829 _d489829 |
||
| 003 | BLK | ||
| 005 | 20250625173512.0 | ||
| 008 | 180531b bul||||| |||| 00| 0 bul d | ||
| 020 | _a9789542622154 | ||
| 040 | _aBLK | ||
| 041 |
_aBUL _cBUL |
||
| 080 |
_aАнглоканадска литература _b821.111(71) _x-31 _z821.111(71)-31 |
||
| 100 |
_aДженър, Натали _eпърви автор _9486858 |
||
| 139 |
_aДженър, Натали _bД 50 |
||
| 245 |
_aОбществото Джейн Остин _bроман _cНатали Дженър ; прев. от англ. Мария Демирева. |
||
| 260 |
_aПловдив _bХермес _c2022 _fСофия : Алианс принт |
||
| 300 |
_a328 с. _c20 см |
||
| 380 | _aX | ||
| 500 | _aОриг. загл.: The Jane Austen society / Natalie Jennern. | ||
| 700 | 1 |
_aДемирева, Мария Петрова _d1984 - _959801 |
|
| 765 |
_aThe Romantics _cKonen, Leah |
||
| 852 |
_aЦб 316970 _bЦб |
||
| 856 |
_i0.00 _ldisable |
||
| 942 |
_cKNG _2udc _n0 _s1 _011 |
||
| 944 |
_aCR _c2023-03-22 _k30535 _lХристина Везирева |
||
| 999 | _d489829 | ||